000 02670cam a2200541 i 4500
003 PE-LiUPU
005 20250731172839.0
008 121012t20122012gau b 001 0 eng
020 _a158983707X
020 _a9781589837072
035 _a(Sirsi) i9781589837072
040 _aPE-LiUPU
_bspa
_cPE-LiUPU
_erda
049 _aPRUA
049 _aPRUA
082 0 0 _a221.0601
_bG37
_223
100 1 _aGericke, Jaco,
_eautor.
245 1 4 _aThe Hebrew Bible and philosophy of religion /
_cby Jaco Gericke.
264 1 _aAtlanta :
_bSociety of Biblical Literature,
_c[2012]
300 _axii, 499 páginas ;
_c24 centímetros.
336 _atext
_2rdacontent
337 _aunmediated
_2rdamedia
338 _avolume
_2rdacarrier
490 1 _aSociety of Biblical Literature : resources for biblical study ;
_vnumber 70
504 _aBibliografía : páginas 453-486.
504 _aÍndice : páginas 487-499.
505 0 0 _a A philosophical approach to ancient Israelite religion -- Philosophical approaches to the study of religion -- Philosophy of religion and Hebrew Bible interpretation : a brief history of interdisciplinary relations -- The Hebrew Bible in philosophy of religion -- Descriptive currents in philosophy of religion for Hebrew Bible studies -- Possible analogies for a philosophy of ancient Israelite religion -- Philosophical criticism as biblical criticism -- Toward a descriptive philosophy of ancient Israelite religion -- The nature of religious language in the Hebrew Bible -- The concept of generic Godhood in the Hebrew Bible -- Yhwh : a philosophical perspective -- Natural a/theologies in ancient Israel -- Epistemologies in ancient Israelite religion -- Religion and morality in ancient Israel -- Summary and conclusion.
526 _aSEG42
526 _aSEG41
526 _aSEG40
526 _aSEG39
526 _aP94
526 _aP87
526 _aP86
526 _aP85
526 _aP77
526 _aP76
526 _aP35
650 0 _aDios (Judaismo)
650 0 _aÉtica Judia
_xFilosofía.
650 0 _aFilosofía y religión.
910 _ajck
_bebj
_cebj
_d20160519
942 _2ddc
_cBOOK
949 _a221.0601 G37
_wDEWEY
_c1
_i72858
_lCCODEBUL1
_mBUL
_p45.00
_r0
_sY
_tBOOK
_u2016-5-19
_xTEOLOGIA
_PP35
_0COMPRA
_o.STAFF. Colección General Teología
994 _aC0
_bPEPRU
596 _a1
999 _a221.0601 G37
_wDEWEY
_c9401
_i72858
_d9401
_e2017-10-29
_f2021-11-9
_g6
_lCCODEBUL1
_mBUL
_n1
_p45.00
_q1
_r0
_sY
_tBOOK
_u2016-5-19
_xTEOLOGIA
_PP35
_0COMPRA
_o.STAFF. Colección General Teología
980 _81
_gALBERTO SANCHEZ Responsable de Automatización